Los territorios
Saved in:
| Hovedforfatter: | |
|---|---|
| Format: | Bog |
| Sprog: | spansk |
| Udgivet: |
Castro
Aumen
1982
|
| Fag: | |
| Tags: |
Tilføj Tag
Ingen Tags, Vær først til at tagge denne postø!
|
MARC
| LEADER | 00000nam a2200000 a 4500 | ||
|---|---|---|---|
| 001 | UCQ7347 | ||
| 003 | CL-VaPUC | ||
| 008 | 981107e19820000CL |||||||||||||||||spa|d | ||
| 082 | 0 | 4 | |a Ch861 |b TRU |2 21 |
| 100 | |a Trujillo, Carlos Alberto |e author |9 415272 | ||
| 245 | 1 | 4 | |a Los territorios |
| 300 | |a 10 p | ||
| 942 | |c BK | ||
| 945 | |d 19981107 00:00:00 |a crobeson | ||
| 260 | |a Castro |b Aumen |c 1982 | ||
| 650 | 0 | |a Poesías chilenas |9 265280 | |
| 650 | 0 | |a Literatura chilena |9 308278 | |
| 583 | |a last modification |c 19981107 00:00:00 |k Rodrigo Vera | ||
| 999 | |c 277026 |d 277024 | ||
| 952 | |0 0 |1 0 |4 0 |6 CH_861_000000000000000_TRU_1982 |7 0 |8 A |9 314740 |a BIBEDU |b BIBEDU |d 2019-11-20 |i 148785K |o Ch861 TRU 1982 |p 148785K |r 2019-11-20 |w 2019-11-20 |y BK |k LIT | ||